000 00727nam a2200157 i 4500
001 183727
003 ES-MaACL
005 20230906221947.0
008 141003s1914 sp |||| | spa d
245 0 0 _aDocumentos diplomáticos
_b: 1914 La Guerra europea.
_nI,
_pDocumentos relativos á las negociaciones que han precedido á las declaraciones de guerra por Alemania á Rusia (1º de Agosto de 1914). y á Francia (3 de Agosto de 1914). Declaración del 4 de septiembre de 1914.
260 _aMadrid :
_bP. Orrier,
_c1914.
300 _a215 p. ;
_c29 cm.
594 _aPrec. tít.: Ministerio de Negocios Extranjeros.
650 0 4 _aGuerra mundial, 1914-1918-
_xHistoria diplomática.
_913221
852 _aES-MaACL
_jT-1457-F-6
999 _c183727
_d183727